000 00364nam a2200145Ia 4500
008 240624s9999 xx 000 0 und d
041 _aeng
082 _a658.8 BUS
100 _aBUSINESS WORLD
245 _aMARKETING WHITEBOOK 2013 14 DECODING DIV
250 _a(9th ed.)
260 _c2013
_aNew Delhi
_bBusiness World
300 _a308 : p.
365 _cRS
_b25
999 _c22213
_d22213